| 000 | 00697nam a2200193 a 4500 | ||
|---|---|---|---|
| 005 | 20250617063822.0 | ||
| 008 | 991125s1971 mx 000 0 spa u | ||
| 035 | _aUPN01000016209 | ||
| 049 | _aF | ||
| 050 | 4 |
_aLB1043 _bM3.38 no.3 |
|
| 100 | 1 | _aMac Linker, Jerry | |
| 245 | 1 | 0 |
_aDiseño de material visual didáctico : _bteoría, composición, ejecución / _cJerry Mac Linker ; diseñado e il. por Max Karl Winkler ; tr. de Gregorio Martínez Valdés. |
| 260 |
_aMéxico : _bPax-México, _c1971. |
||
| 300 |
_a43 p. : _bil. |
||
| 440 | 0 |
_aMateriales audiovisuales ; _v3 |
|
| 650 | 4 |
_aAparatos audiovisuales _xDiseño _97077 |
|
| 650 | 4 |
_aEnseñanza _vMateriales auxiliares _912548 |
|
| 905 | _aLibro | ||
| 999 |
_c16209 _d16209 |
||